00588nam a2200205Ia 4500003000900000008004100009020001800050040001600068080001500084100001900099245007800118260004700196300001600243650002200259650001400281650002300295650002600318700001800344700002000362IN-BaIIA211028s9999 xx 000 0 eng d a2-88124-987-6 cIIA Library a539.2bDOL aDolginov, A. Z 0aPropagation and polarization of radiation in cosmic mediacA. Z. Dolginov aAmsterdambGordon and Breach Sciencec1995 axiii, 382p. aAnisotropic media aRadiation aStellar atmosphere aStrong magnetic field aGnedin, Yu. N aSilant'ev, N. A